00750nam a22001575i 4500001000700000003000900007005001700016008004100033100003500074245025700109260005900366300002200425650001800447710003800465852008900503152896ES-MaACL20230906204921.0940206s1876 sp |||| | spa d1 aBusto y López, Andrés del.10aDel destino de la doctrina celular en las teorías médicas reinantes / cdiscurso del Presidente de la sociedad histológica de Madrid D. Andrés del Busto y Lopez en la inauguracion de la Escuela Práctica de la misma el dia 30 de abril de 1876. aMadrid : b[s.n.], c1876 (fImp. de Jose M. Ducazcal) a127 p. ; c21 cm. 4aHistología.2 aSociedad Histológica de Madrid. aES-MaACLjT-623-F z- Enc. hol., falto de cub. original z- Enc. en un vol. facticio